| 000 | 00667nam a22002057a 4500 | ||
|---|---|---|---|
| 999 |
_c65351 _d65351 |
||
| 005 | 20240530110820.0 | ||
| 008 | 190115s1990 ua a f 000 0 ara d | ||
| 017 |
_a88/7901 _bمصر . دار الكتب |
||
| 040 |
_aEG-CaGPL _cEG-CaGPL |
||
| 082 | 0 | 4 |
_221 _a780.92 / _bص م |
| 100 | 0 | _aصلاح الدين البستانى | |
| 245 | 1 | 2 |
_aالموسيقار العبقرى الاصم بيتهوفن / _cصلاح الدين البستانى |
| 250 | _aط.2 | ||
| 260 |
_aالقاهرة : _c1990. |
||
| 300 |
_a286 ص. : _bايض ؛ _c24 سم. |
||
| 600 | 0 | _aبيتهوفن | |
| 651 | _2qrmak | ||
| 942 |
_2ddc _cBK |
||